000 00723cam a2200253 4500
008 011017n2001 000 0 eng u
020 _a0117027545
035 _a(Sirsi) u115164
050 _a001.6026
100 _aLeigh-Pollit, P.
245 4 _aThe point of law Data Protection Act Explained
250 _a3rd. ed.
260 _aLondon
_bStationery Office
_c2001
300 _avii, 236p. ; 24cm.
350 _a25.00
650 _aDATA PROTECTION ACT 1998
650 _aPERSONAL DATA
650 _aFREEDOM OF INFORMATION ACT 2000
650 _aREGULATION OF INVESTIGATORY POWERS ACT 2000
650 _aLAWFUL BUSINESS PRACTICE REGULATIONS 2000
690 _aLAW
700 _aMullock, J.
942 _n0
999 _c101722
_d101722